Death (Band) Quiz - Statistics

General Stats
  • This quiz has been taken 25 times
  • The average score is 11 of 22
Answer Stats
Question Answer % Correct
In what year was Death founded? 1983
100%
In what year did he die? 2001
100%
Who founded Death? Chuck Schuldiner
95%
What is the name of their First Studio Album? Scream Bloody Gore
91%
What is the most popular song from Leprosy? Pull the Plug
77%
Which Judas Priest song did they cover? Painkiller
64%
Which was their first technical death metal album Human
59%
What guitar tuning were most of their songs in recorded in? D Standard
55%
What was the band’s original name? Mantas
50%
The first death metal band was either Death or ________? Possessed
45%
The Philosopher
41%
Voice of the Soul
41%
What band was formed by the members of their last album? Control Denied
36%
What are the names of their instrumental songs? Cosmic Sea
36%
How many total songs did they release? 65
32%
Which song Kiss did they cover? God of Thunder
32%
Which of their songs received music videos? Lack of comprehension
32%
Former bassist Steve DiGorgio used what unique type of bass guitar? Fretless Bass
27%
What is their longest song called? Flesh and the Power It Holds
23%
What was the album they released called? The Fragile Art of Existence
23%
What is the name of the drummer on their first album who later formed the band Autopsy? Chris Reifert
14%
What is their shortest song called? Infernal Death
14%
No matching quizzes found
Score Distribution
Percent of People with Each Score
Percentile by Number Answered
Your Score History
You have not taken this quiz